Vista normal
Vista MARC
Entrada Personal Name
Número de registros utilizados en: 6
001 - CONTROL NUMBER
- control field: 146
003 - CONTROL NUMBER IDENTIFIER
- control field: OSt
005 - DATE AND TIME OF LATEST TRANSACTION
- control field: 20110708094116.0
008 - FIXED-LENGTH DATA ELEMENTS
- fixed length control field: 110708|||a|||||| | ||| d
040 ## - CATALOGING SOURCE
- Original cataloging agency: OSt
- Transcribing agency: OSt
100 ## - HEADING--PERSONAL NAME
- Personal name: A. Latarjet.
670 ## - SOURCE DATA FOUND
- Source citation: Work cat.: (OSt)298: Testut, L. 145, Compendio de Anatomía Descriptiva / , 1973.